000 00482nam a2200181Ia 4500
005 20250326124804.0
008 250326s9999 xx 000 0 und d
037 _aTextbook
040 _aFMSL
_beng
_cFMSL
041 _aeng
_2eng
084 _aX:89ZB L72
_qFMSL
100 _aMalinvaud E
245 0 _aEconomic growth and resources
_cMalinvaud E
260 _aNY
_bNY, Macmillan
_c1977
300 _a278p
942 _cTB
_hX:89ZB L72
999 _c1275212
_d1275212